000 00548nam a2200181Ia 4500
008 090201s9999 xx 000 0 und d
010 _aKPL-71245
040 _bमराठी
041 _aमराठी
082 _a49427
_b71245
100 _aसरोजिनी शारंगपाणी
245 _aकुंती
245 _cसरोजिनी शारंगपाणी
260 _c1998
_bरवीराज प्रकाशन
300 _a190
_bमध्यम
600 _aकुंती
942 _cBOOK
999 _c245985
_d245985